Central Library OPAC University of Rajshahi

The law relating to wills, with precedents of particular clauses and complete wills : (Record no. 4574)

MARC details
000 -LEADER
fixed length control field 00713nam a22002291a 4500
001 - CONTROL NUMBER
control field 4574
003 - CONTROL NUMBER IDENTIFIER
rucl marc code BD-RjUL
005 - DATE AND TIME OF LATEST TRANSACTION
control field 20211208233921.0
008 - FIXED-LENGTH DATA ELEMENTS--GENERAL INFORMATION
fixed length control field 131223s1952 enk 000 0 eng d
035 ## - SYSTEM CONTROL NUMBER
System control number (BD-RjUL)4609
040 ## - CATALOGING SOURCE
Original cataloging agency NAGD
Language of cataloging eng
Transcribing agency NAGD
Modifying agency VSC
041 ## - LANGUAGE CODE
Language code of text/sound track or separate title eng
082 04 - DEWEY DECIMAL CLASSIFICATION NUMBER
Edition number 18
Classification number 347.6
Author mark and year WIL 1952
100 1# - MAIN ENTRY--PERSONAL NAME
Personal name Williams, W. J.
Fuller form of name (William James)
9 (RLIN) 14440
245 14 - TITLE STATEMENT
Title The law relating to wills, with precedents of particular clauses and complete wills :
Statement of responsibility, etc. by W. J. Williams.
Number of part/section of a work Volume I
Name of part/section of a work Law of wills /
260 ## - PUBLICATION, DISTRIBUTION, ETC. (IMPRINT)
Place of publication, distribution, etc. London :
Name of publisher, distributor, etc. Butterworth,
Date of publication, distribution, etc. 1952.
300 ## - PHYSICAL DESCRIPTION
Pagination 2 v. ;
Size 26 cm.
500 ## - GENERAL NOTE
General note Includes index.
650 #0 - SUBJECT ADDED ENTRY--TOPICAL TERM
Topical term or geographic name as entry element Succession.
9 (RLIN) 14441
Topical term or geographic name as entry element Wills
Geographic subdivision Great Britain.
9 (RLIN) 14442
942 ## - ADDED ENTRY ELEMENTS (KOHA)
Source of classification or shelving scheme Dewey Decimal Classification
Koha item type Books
Holdings
Lost status Source of classification or shelving scheme Materials specified (bound volume or other part) Damaged status Not for loan Permanent Location Current Location Shelving location Date acquired Source of acquisition Cost, normal purchase price Total Checkouts Full call number Date last seen Copy number Koha item type
  Dewey Decimal Classification V-1     Central Library, University of Rajshahi Central Library, University of Rajshahi   13/12/1955 Allies Book Cop. 119.70   347.6 WIL 1952 23/12/2013 C-1 Books